Toolbox for crisis communications in tourism : checklists and best practices

Αποθηκεύτηκε σε:
Λεπτομέρειες βιβλιογραφικής εγγραφής
Συγγραφή απο Οργανισμό/Αρχή: World Tourism Organization
Μορφή: Βιβλίο
Γλώσσα:English
Δημοσίευση: Madrid : World Tourism Organization, c2011
Θέματα:
Ετικέτες: Προσθήκη ετικέτας
Δεν υπάρχουν, Καταχωρήστε ετικέτα πρώτοι!

MARC

LEADER 00000cam a2200000 i 4500
001 1/20809
008 120620s2011 eng d
020 |a 978-92-844-1365-2 
035 |l 10112771 
040 |a GR-MY-UA  |b gre  |e aacr 
041 0 |a eng 
082 0 |a 338.4791  |2 (22) 
110 2 |a World Tourism Organization. 
245 1 0 |a Toolbox for crisis communications in tourism :  |b checklists and best practices /  |c World Tourism Organization 
260 |a Madrid :   |b World Tourism Organization,   |c c2011 
300 |a xii, 108 σ.;  |b πίν., σχέδια;  |c 29 εκ. 
650 0 0 |a Crisis management. 
650 0 0 |a Tourism. 
852 |a INST  |b CHIOS  |e 20120620  |h 658.4056 WOR  |p 005200032910  |q 005200032910  |t BK  |y 0 
901 |a BIBL2-2012-2 
909 |a Χ  |b 169082 
970 |a ΣΠΕΝΤΖΑ  |b ΕΛΕΝΗ  |z 2012/06/20